| 000 -LEADER |
| fixed length control field |
00510cam a22001097a 4500 |
| 008 - FIXED-LENGTH DATA ELEMENTS--GENERAL INFORMATION |
| fixed length control field |
180718b1958 xxu||||| |||| 00| 0 eng d |
| 082 ## - DEWEY DECIMAL CLASSIFICATION NUMBER |
| Classification number |
R86x42 Un3c |
| 245 ## - TITLE STATEMENT |
| Title |
Report of a court of inquiry into a dispute between employeers who are represented on the workpeople'e side of the National Joint Council for the port transport industry |
| Statement of responsibility, etc. |
by Ministry of Labour and National Service |
| 260 ## - PUBLICATION, DISTRIBUTION, ETC. |
| Place of publication, distribution, etc. |
London |
| Name of publisher, distributor, etc. |
Her Majesty's Stationery Office |
| Date of publication, distribution, etc. |
1958 |
| 300 ## - PHYSICAL DESCRIPTION |
| Extent |
19p |
| 700 ## - ADDED ENTRY--PERSONAL NAME |
| Personal name |
U.K. Ministry of Labour and National Service |